000 00473nam a22001457a 4500
008 161116b xxu||||| |||| 00| 0 eng d
020 _a9780321014078
050 _aHD31
_b.B53 2000
100 _aBlack, J. Stewart,
245 _aManagement :
_bmeeting new challenges /
_cJ. Stewart Black,
260 _a Upper Saddle River, N.J. :|bc
_bPrentice Hall,|
_cc2000
300 _axxiv, 648 pages :|b|c
_bcolor illustrations ;
_c27 cm
650 _aManagement
942 _2lcc
_cBK
999 _c47294
_d47294